LEADER 01210nam a2200277 i 4500 001 000000057694 003 CaOOAMICUS 005 20150827000000.0 008 150827s1994 it u000 u ita u 013 $a28866 020 $a88-372-1531-2 040 $aSeMil$bita 100 1 $aBendiscioli, Mario,$d<1903-1998>.$0(OLS)http://semarc/name/9378 245 13$aUn percorso di esperienze e studio nella Cristianità del '900 /$cMario Bendiscioli ; a cura di Massimo Giuliani. 260 $aBrescia :$bMorcelliana,$c1994. 300 $a143 p. ;$c21 cm. 490 0 $aQuaderni per l'Università 650 4$aStoria contemporanea.$0(OLS)http://semarc/subject/363 700 1 $aGiuliani, Massimo,$d<1961- >.$0(OLS)http://semarc/name/20172 830 0$aQuaderni per l'Università.$0(OLS)http://semarc/title/11461 850 $aSeMil 852 $aSeMil$W1$xVenegono$y1$m3N V 294$j23848$B23848$CSeMilBibl$Z2$F23850 $81 961 $aOmaggio: Conti Franco 996 $6020$a88-372-1531-2$9(OLS)http://semarc/number/33097 996 $6245$aUn percorso di esperienze e studio nella Cristianità del '900$9(OLS)http://semarc/title/89822 996 $6260$aBrescia :$bMorcelliana$9(OLS)http://semarc/publisher/29629 LEADER 00729nab a2200145 i 4500 001 000000292311 003 CaOOAMICUS 005 20180831165521.0 008 180831n xx uu u0 0und r 013 $a48155 040 $aSeMil$bita 245 10$aMendicanti di misericordia. Da Caravaggio alle Mauritius, dalla Siria a Roma... - 96 p. - Num. errata del fascicolo :$bAnno 42. [i.e. 43.]. - Titolo dalla copertina. 500 $aOTTOBRE 2016. 773 0 $t[2016 : Luglio-Dicembre].$dMilano : Coop. Edit. Nuovo Mondo, 2016.$w()258208 996 $6245$aMendicanti di misericordia. Da Caravaggio alle Mauritius, dalla Siria a Roma... - 96 p. - Num. errata del fascicolo :$bAnno 42. [i.e. 43.]. - Titolo dalla copertina$9(OLS)http://semarc/title/415389